000 00913nab a2200265 u 4500
001 19438
003 HDC
007 cr bn ---aaaaa
008 210301c20100823xx dr|noo 0 a eng d
040 _aHDC
100 _aDaniells, Stephen
_eauthor
_917904
245 0 _aResearch: Seeing red: The health implications of meat consumption / by
_cStephen Daniells
260 _a[No place] :
_b[publisher not identified],
_c2010
300 _a1 online resource
336 _atext
_2rdacontent
337 _acomputer
_2rdamedia
338 _aonline resource
_2rdacarrier
650 _ameat and health
_917905
650 _aScience and research
_916013
710 _aHalal Focus
856 _zRequest full-text at [email protected]
942 _2lcc
942 _cNEWS
942 _kNWSO 006226
999 _c16754
_d16754